La Espuma de los Días
Guardat en:
| Autor principal: | |
|---|---|
| Altres autors: | |
| Format: | Llibre |
| Idioma: | espanyol |
| Publicat: |
Barcelona, España
Editorial Seix Barral, S.A.
1986
|
| Col·lecció: | Literatura Contemporánea Seix Barral
|
| Matèries: | |
| Etiquetes: |
Afegir etiqueta
Sense etiquetes, Sigues el primer a etiquetar aquest registre!
|
MARC
| LEADER | 00000nam a22000005a 4500 | ||
|---|---|---|---|
| 001 | 7177 | ||
| 003 | CL-ChBUA | ||
| 005 | 20221123152103.0 | ||
| 007 | ta | ||
| 008 | 070301s1986 sp 000 1 spa | ||
| 020 | |a 84-322-2159-7 | ||
| 040 | |a CL-ChBUA |c CL-ChBUA |e rda | ||
| 082 | 0 | 0 | |a 843.9 |2 22 |
| 100 | 1 | |a Vian, Boris |e aitor | |
| 245 | 1 | 3 | |a La Espuma de los Días |c Boris Vian (autor) |
| 260 | |b Editorial Seix Barral, S.A. |a Barcelona, España |c 1986 | ||
| 300 | |a 220 páginas |c 19 cm | ||
| 336 | |2 rdacontent |a text |b txt | ||
| 337 | |2 rdamedia |a unmediated |b n | ||
| 338 | |2 rdacarrier |a volume |b nc | ||
| 440 | |a Literatura Contemporánea Seix Barral |n Nº 90 | ||
| 650 | 4 | |a LITERATURA FRANCESA |x NOVELA | |
| 700 | 1 | |a Melero, Pablo |e traductor | |
| 942 | |c LIB |2 ddc | ||
| 945 | |0 nac | ||
| 952 | |0 0 |1 0 |2 ddc |4 0 |6 843_900000000000000_V_614 |7 0 |9 10738 |a UNACH |b UNACH |c 800 |d 2007-03-05 |i 21.506 |l 0 |o 843.9 / V 614 |p 11737 |r 2013-06-26 00:00:00 |t 1 |u 10738 |w 2012-08-08 |y LIB | ||
| 999 | |c 7177 |d 7177 | ||